High-frequency measurements (Record no. 4597)

MARC details
000 -LEADER
fixed length control field 00547nam a2200193Ia 4500
003 - CONTROL NUMBER IDENTIFIER
control field IN-BaIIA
008 - FIXED-LENGTH DATA ELEMENTS--GENERAL INFORMATION
fixed length control field 211028s9999 xx 000 0 eng d
040 ## - CATALOGING SOURCE
Transcribing agency IIA Library
080 ## - UNIVERSAL DECIMAL CLASSIFICATION NUMBER
Universal Decimal Classification number 621.317
Item number HUN
100 ## - MAIN ENTRY--PERSONAL NAME
Personal name Hund, August
9 (RLIN) 2204
245 #0 - TITLE STATEMENT
Title High-frequency measurements
Statement of responsibility, etc. August Hund
260 ## - PUBLICATION, DISTRIBUTION, ETC.
Place of publication, distribution, etc. New York
Name of publisher, distributor, etc. McGraw-Hill
Date of publication, distribution, etc. 1933
300 ## - PHYSICAL DESCRIPTION
Extent xi, 491p.
650 ## - SUBJECT ADDED ENTRY--TOPICAL TERM
Topical term or geographic name entry element  High Energy Interactions
9 (RLIN) 8108
650 ## - SUBJECT ADDED ENTRY--TOPICAL TERM
Topical term or geographic name entry element  High Energy Physics 
9 (RLIN) 8109
650 ## - SUBJECT ADDED ENTRY--TOPICAL TERM
Topical term or geographic name entry element  High Frequency Measurements 
9 (RLIN) 8110
650 ## - SUBJECT ADDED ENTRY--TOPICAL TERM
Topical term or geographic name entry element NASA Thesaurus 
942 ## - ADDED ENTRY ELEMENTS (KOHA)
Koha item type Books
Holdings
Withdrawn status Lost status Damaged status Not for loan Home library Current library Shelving location Date acquired Total Checkouts Full call number Barcode Date last seen Price effective from Koha item type
        IIA Library-Bangalore IIA Library-Kavalur General Stacks     621.317/ HUN 5130 05/11/2021   Books

Powered by Koha